01378 a2200217 4500003000500000005001700005010001600022020002200038040000900060082001200069100002300081245007300104250001200177260004700189300003300236505075900269650002601028650004601054650004201100740001801142Nust20230712093601.0 a 86002006 a0827325347 (pbk.) cNust00a537,ALE1 aAlerich, Walter N.10aElectricity 3 :bmotors, controls, alternators /cWalter N. Alerich. a4th ed. aAlbany, N.Y. :bDelmar Publishers,cc1986. aix, 240 p. :bill. ;c26 cm. aOperating Principles (Page-1), The separately Excited DC Generators (Page-7), The Self Exited shunt Generators (Page-11), The Dc Shunt Motor (Page-23), The DC Series motors (Page-35), DC Compound Motors (Page-39), Summary Review (Page-45), Manual starting reposts for DC motors (Page-46), Basic Principles of automatic Motors (Page-67), The DC Counter EMF Motor Controller (Page-75), The Three face way Connection (Page-115), The Three phase Delta Connection (Page-121), Basic Principles of transformers (Page-131), Single phase transformers (Page-141), Single phase Transformers (Page-165), Wye and Delta Connection of single Phase (Page-189), Instrumentation Transformers (Page-199), National Electrical Code requirements for transformers (Page-211). 0aElectric controllers. 0aElectric generatorsxAlternating current. 0aElectric motors, Alternating current.0 aElectricity 3